| 000 | 00747cab a2200241 4500 | ||
|---|---|---|---|
| 001 | WB3001-03 | ||
| 008 | 090401t1993 xxu||||| |||| 00| 0 eng d | ||
| 035 | _a(Sirsi) u41885 | ||
| 041 | _aeng | ||
| 245 | _aOrders for new construction: October 1993 | ||
| 260 | _c1993 | ||
| 350 | _a0 | ||
| 490 |
_aDOE Information Bulletin _v(890) 22 December 1993, (14) |
||
| 520 | _aTotal orders received by contractors for construction work in Great Britain in 3Q 1993 were 9% higher than in 2Q and 18% higher than in 3Q 1992. | ||
| 650 | _aCONSTRUCTION MARKET | ||
| 650 | _aNEW CONSTRUCTION | ||
| 650 | _aORDERS | ||
| 650 | _aPRIVATE HOUSING SECTOR | ||
| 650 | _aSTATISTICS | ||
| 690 | _aBUILT ENVIRONMENT | ||
| 942 | _n0 | ||
| 948 | _c04/03/1997 | ||
| 999 |
_c26893 _d26893 |
||